000 00331nam a2200133Ia 4500
008 150201s2009 xx 000 0 und d
082 _a611
_bE09D
100 _aDATTA,A.K.
245 _aESSENTIALS OF HUMAN ANATOMY V-2
250 _a5TH
260 _bCURRENT BOOK INT.
_aDELHI
_c2009
650 _aHUMAN ANATOMY
942 _2ddc
_cBK
_02
999 _c1084
_d1084